000 00817nam a2200253Ia 4500
003 OSt
005 20221002044208.0
006 a|||||r|||| 00| 0
007 ta
008 220930b |||||||| |||| 00| 0 hin d
020 _a8177142704 (hbk)
_c6000
024 _a88344
037 _b461, 24/03/2008, Swaraj Prakashan
_cReference Collections
040 _aCRL
_cCRL
_bhin
041 _2hin
_ahin
082 _aO152,6M83x, P7.1-.8(RR)
100 _aSingh Om Prakash Ed.
_9437286
245 0 _aRam Chandra Shukla granthawali
260 _aNew Delhi
_bPrakashan Sansthan India
_c2007
300 _a483p.
_ccm.
650 _aENGLISH LITERATURE
942 _hO152,6M83x, P7.1-.8(RR)
_cref
_2CC
999 _c909830
_d909830